Statistieken voor Landen via Eerste Twee Letters in 90 Seconden

Klik hier om de quiz te nemen!

Algemene statistieken

  • Deze quiz is 39.558 keer genomen
  • De gemiddelde score is 91 van 196

Antwoorden op de kaart

Antwoorden kleurgecodeerd door een groen-rode schaal op de quizkaart volgens % correct hieronder.
Laden...
 

Antwoordstatistieken

Country% Correct
Cambodja
89%
Canada
89%
China
89%
Venezuela
89%
Verenigde Arabische
Emiraten
89%
Verenigde Staten
89%
Verenigd Koninkrijk
89%
Chili
88%
Rusland
88%
Nederland
87%
Nepal
87%
Noord-Macedonië
86%
België
83%
Belize
83%
Benin
83%
Frankrijk
83%
Polen
82%
Portugal
82%
Brazilië
80%
Brunei
80%
Noord-Korea
80%
Noorwegen
80%
Spanje
80%
Mexico
79%
Democratische Republiek Congo
76%
Maldiven
76%
Madagaskar
75%
Malawi
75%
Maleisië
75%
Mali
75%
Malta
75%
Marokko
75%
Marshalleilanden
75%
Mauritanië
75%
Mauritius
75%
Australië
74%
Duitsland
74%
Zweden
74%
Zwitserland
74%
Fiji
72%
Filipijnen
72%
Finland
72%
Argentinië
70%
Armenië
70%
India
69%
Indonesië
69%
Belarus
66%
Denemarken
66%
Moldavië
66%
Monaco
66%
Mongolië
66%
Montenegro
66%
Mozambique
66%
Kaapverdië
64%
Pakistan
62%
Palau
62%
Panama
62%
Papoea-Nieuw-Guinea
62%
Paraguay
62%
Zuid-Afrika
62%
Zuid-Korea
62%
Zuid-Soedan
62%
Libanon
61%
Liberia
61%
Libië
61%
Liechtenstein
61%
Litouwen
61%
Nicaragua
60%
Nieuw-Zeeland
60%
Niger
60%
Nigeria
60%
Republiek Congo
59%
Côte d'Ivoire
58%
Italië
58%
Colombia
57%
Comoren
57%
Costa Rica
57%
Salomonseilanden
55%
Tunesië
55%
Turkije
55%
Turkmenistan
55%
Tuvalu
55%
Albanië
54%
Algerije
54%
IJsland
53%
Jamaica
53%
Japan
53%
Saint Kitts en Nevis
53%
Saint Lucia
53%
Saint Vincent en de
Grenadines
53%
Bolivia
51%
Bosnië
en Herzegovina
51%
Botswana
51%
Ierland
51%
Samoa
51%
San Marino
51%
Saoedi-Arabië
51%
Sao Tomé en Principe
51%
Kameroen
50%
Kazachstan
50%
Peru
49%
Oeganda
47%
Oekraïne
47%
Oezbekistan
47%
Egypte
46%
Lesotho
46%
Letland
46%
Estland
42%
Irak
41%
Iran
41%
Suriname
39%
Grenada
36%
Griekenland
36%
Soedan
35%
Somalië
35%
Uruguay
35%
Bahama's
33%
Barbados
33%
Honduras
33%
Hongarije
33%
Oost-Timor
33%
Andorra
32%
Angola
32%
Antigua en Barbuda
32%
Bahrein
32%
Bangladesh
32%
Guatemala
32%
Guinee
32%
Guinee-Bissau
32%
Guyana
32%
Oostenrijk
30%
Cuba
29%
Bulgarije
28%
Burkina Faso
28%
Burundi
28%
Tsjaad
28%
Tsjechië
28%
Ecuador
27%
Namibië
27%
Nauru
27%
Jemen
26%
Roemenië
26%
Afghanistan
25%
Senegal
25%
Servië
25%
Seychellen
25%
Tadzjikistan
25%
Taiwan
25%
Tanzania
25%
Oman
24%
Luxemburg
23%
Thailand
23%
Laos
22%
Koeweit
21%
Kosovo
21%
Vietnam
21%
Ethiopië
20%
Slovenië
19%
Slowakije
19%
Dominica
18%
Dominicaanse Republiek
18%
Haïti
18%
Kirgizië
17%
Kiribati
17%
El Salvador
15%
Kenia
15%
Kroatië
15%
Myanmar
15%
Zambia
15%
Israël
14%
Syrië
14%
Vanuatu
14%
Vaticaanstad
14%
Zimbabwe
14%
Azerbeidzjan
13%
Gabon
13%
Gambia
13%
Georgië
13%
Sierra Leone
13%
Singapore
13%
Micronesia
12%
Swaziland
12%
Eritrea
11%
Ghana
11%
Sri Lanka
11%
Togo
11%
Tonga
11%
Centraal-Afrikaanse
Republiek
10%
Jordanië
10%
Bhutan
8%
Equatoriaal-Guinea
8%
Qatar
8%
Cyprus
7%
Djibouti
6%
Rwanda
5%
Trinidad en Tobago
5%

Scoreverdeling

Percentiel versus Aantal Correcte Antwoorden

Procent van Mensen met Elke Score

Uw Scoregeschiedenis

U heeft deze quiz nog niet genomen